000 005090000a22001090004500
100 1 _aBarutwanayo, Benoit
245 1 0 _aLa transformación mediante el valor y la asociación
300 _aVol.0, núm.66 (Mayo, 2006), Página 16
520 _aEn África se niegan a muchas viudas y huérfanos sus derechos de herencia a la propiedad o a la tierra, los que a menudo pasan a los hermanos del marido u otros parientes masculinos, dejando a la familia sin techo e indigente.
773 0 _tPaso a Paso
942 _cANA
999 _c61523
_d61523